<?xml version="1.0" encoding="UTF-8"?>
<record
    xmlns:xsi="http://www.w3.org/2001/XMLSchema-instance"
    xsi:schemaLocation="http://www.loc.gov/MARC21/slim http://www.loc.gov/standards/marcxml/schema/MARC21slim.xsd"
    xmlns="http://www.loc.gov/MARC21/slim">

  <leader>01982agaaa2200301   4500</leader>
  <controlfield tag="001">6602</controlfield>
  <controlfield tag="003">IT-RoPAU</controlfield>
  <controlfield tag="005">20220918181223.0</controlfield>
  <controlfield tag="007">d cvaizq</controlfield>
  <controlfield tag="008">50131s9999||||xx ||| |     ||   ||und||</controlfield>
  <datafield tag="040" ind1=" " ind2=" ">
    <subfield code="a">IT-RoPAU</subfield>
    <subfield code="c">IT-RoPAU</subfield>
  </datafield>
  <datafield tag="041" ind1=" " ind2=" ">
    <subfield code="a">ITALIANO</subfield>
  </datafield>
  <datafield tag="100" ind1=" " ind2=" ">
    <subfield code="a">Tarkovskij Andrej</subfield>
    <subfield code="g">Codice regista SPICS: 1652</subfield>
    <subfield code="9">36982</subfield>
  </datafield>
  <datafield tag="130" ind1=" " ind2=" ">
    <subfield code="a">STALKER</subfield>
    <subfield code="9">36983</subfield>
  </datafield>
  <datafield tag="245" ind1=" " ind2=" ">
    <subfield code="a">STALKER</subfield>
    <subfield code="c">Sceneggiatura: Strugatskj Arkadij E Boris -- Diretto da: Tarkovskij Andrej</subfield>
    <subfield code="p">STALKER (Rif. Codice opera principale : 76602)</subfield>
  </datafield>
  <datafield tag="250" ind1=" " ind2=" ">
    <subfield code="a">Edizione Standard</subfield>
  </datafield>
  <datafield tag="260" ind1=" " ind2=" ">
    <subfield code="a">(URSS)</subfield>
    <subfield code="b">MOSFILM / </subfield>
    <subfield code="g">"1979 (1&#xB0; ed.: 1991 ; Ed. Lingua Orig.: 1979)"</subfield>
  </datafield>
  <datafield tag="300" ind1=" " ind2=" ">
    <subfield code="a">VHS</subfield>
    <subfield code="b">sonoro, col.</subfield>
    <subfield code="c">161 minuti</subfield>
  </datafield>
  <datafield tag="508" ind1=" " ind2=" ">
    <subfield code="a">"Fotografia: Kuniazinskij Aleksan; Montaggio: Fejginova L.; Musica: Artemjev Eduard; Sceneggiatura: Strugatskj Arkadij E Boris; Scenografia: Tarkovskij Andrej; "</subfield>
  </datafield>
  <datafield tag="511" ind1=" " ind2=" ">
    <subfield code="a">"Kajdanovskij Aleksandr; Frejndlich Alisa; Solonitsin Anatol; Grinko Nikolaj"</subfield>
  </datafield>
  <datafield tag="520" ind1=" " ind2=" ">
    <subfield code="a">DAL-RACCONTO-PICNIC-SUL-CIGLIO-DELLA-STRADA-DI-ARKADIJ-E-BORIS-STRUGATSKJ COSTUMI-DI-N.-FOMINA TRUCCO-DI-V.-LVOVA ALTRI-INTERPRETI: N.-ABRAMOVA F.-JURNA E.-KOSTINAMBIZIOSA STIMOLANTE ALLEGORIA DI TARKOWSKI SULLA SETE DI CONOSCENZA E LA PAURA DELLA STESSA LO STALKER E' UNA SPECIE DI GUIDA CHE DIETRO COMPENSO PORTA LE PERSONE DENTRO I CONFINI DI UNA ZONA PROIBITA PRESIDIATA DAI SOLDATILA RAGIONE UFFICIALE E' CHE IL LUOGO E' STATO CONTAMINATO DALLA CADUTA DI UN METEORITE MA UNA LEGGENDA POPOLARE VUOLE CHE ALL'INTERNO DELLA ZONA CI SIA UNA STANZA DOVE OGNI CONOSCENZA E OGNI DESIDERIO VENGONO SODDISFATTI LO STALKER PORTA UNO SCRITTORE E UNO SCIENZIATO ALLE SOGLIE DELLA STANZA DOVE PERO' I DUE NON OSANO ENTRARE</subfield>
  </datafield>
  <datafield tag="538" ind1=" " ind2=" ">
    <subfield code="a">PAL, STEREO</subfield>
  </datafield>
  <datafield tag="546" ind1=" " ind2=" ">
    <subfield code="a">ITALIANO</subfield>
  </datafield>
  <datafield tag="650" ind1=" " ind2=" ">
    <subfield code="a">DRAMMATICO</subfield>
    <subfield code="e">FILMS [VHS]</subfield>
    <subfield code="x">Codice MATERIA SPICS: 9960</subfield>
    <subfield code="9">34083</subfield>
  </datafield>
  <datafield tag="700" ind1=" " ind2=" ">
    <subfield code="a">Artemjev Eduard</subfield>
    <subfield code="e">(musica)</subfield>
    <subfield code="g">Codice Musica SPICS: 22987</subfield>
    <subfield code="9">36984</subfield>
  </datafield>
  <datafield tag="700" ind1=" " ind2=" ">
    <subfield code="a">Tarkovskij Andrej </subfield>
    <subfield code="e">(regista)</subfield>
    <subfield code="g">Codice regista SPICS: 1652</subfield>
    <subfield code="9">36985</subfield>
  </datafield>
  <datafield tag="942" ind1=" " ind2=" ">
    <subfield code="c">VH</subfield>
    <subfield code="2">ddc</subfield>
  </datafield>
  <datafield tag="999" ind1=" " ind2=" ">
    <subfield code="c">104663</subfield>
    <subfield code="d">104663</subfield>
  </datafield>
  <datafield tag="952" ind1=" " ind2=" ">
    <subfield code="0">0</subfield>
    <subfield code="1">0</subfield>
    <subfield code="4">0</subfield>
    <subfield code="6">76602_000000000000000</subfield>
    <subfield code="7">1</subfield>
    <subfield code="a">SPICS</subfield>
    <subfield code="b">SPICS</subfield>
    <subfield code="d">2015-01-31</subfield>
    <subfield code="l">0</subfield>
    <subfield code="o">76602</subfield>
    <subfield code="r">2015-01-31 00:00:00</subfield>
    <subfield code="w">2015-01-31</subfield>
    <subfield code="y">VH</subfield>
    <subfield code="z">Progr. Ins.: 2524 / N.Vol.:1 / Copie: 1 / Pag.:0 / Copia rara: n.d. / date import: 1.2.2015 / By Epidotti, Trombetti, Vaglietti</subfield>
  </datafield>
</record>
